[Event "TUN-ch sf"]
[Site "Monastir"]
[Date "2024.03.22"]
[Round "3"]
[White "Ben Ghanem, Hamed"]
[Black "Ben Hlima, Rafik"]
[Result "1-0"]
[WhiteElo "2118"]
[BlackElo "1906"]
[PlyCount "132"]
[EventDate "2024.03.21"]
[EventType "swiss"]
[EventRounds "9"]
[EventCountry "TUN"]
[SourceTitle "CB15_2024"]
[SourceDate "2024.04.10"]
[SourceVersion "1"]
[SourceVersionDate "2024.04.10"]
[SourceQuality "1"]

1. d4 d5 2. Bf4 Nf6 3. e3 e6 4. Nd2 c5 5. c3 Nc6 6. Ngf3 Bd6 7. Bg3 cxd4 8. exd4 Qc7 9. Bd3 Bd7 10. Qe2 Nh5 11. Bxd6 Qxd6 12. g3 g6 13. Ne5 Nxe5 14. dxe5 Qc7 15. Nf3 Ng7 16. 0-0 Nf5 17. Rac1 Rc8 18. Rfe1 h5 19. h4 Qb6 20. Bxf5 gxf5 21. Nd4 Ke7 22. Kh2 Rcg8 23. Rcd1 f4 24. Nf3 Bb5 25. Qc2 Rg4 26. Rd4 Rhg8 27. Rg1 R8g6 28. Qd2 fxg3+ 29. fxg3 Re4 30. Rxe4 dxe4 31. Nd4 Bd3 32. Rg2 Qd8 33. Qe3 Qg8 34. Nb5 b6 35. Nxa7 Qa8 36. Qxb6 Kf8 37. Nc6 Kg7 38. Rf2 Qe8 39. Nd8 e3 40. Qxe3 Qxd8 41. Rd2 Qb8 42. Qxd3 Qxe5 43. Qd4 Qxd4 44. cxd4 Kf8 45. Kg2 Ke7 46. Kf3 Kd6 47. Rd3 Kd5 48. a4 Kc4 49. Ra3 Kxd4 50. a5 e5 51. a6 Rg8 52. a7 Ra8 53. Ra4+ Kd3 54. Ra3+ Kd4 55. Ke2 f5 56. Ra4+ Kc5 57. Ra6 Kb5 58. Re6 Rxa7 59. Rxe5+ Kc4 60. Rxf5 Rb7 61. Rxh5 Kd4 62. Kf3 Rxb2 63. Rf5 Rb3+ 64. Kg4 Ke4 65. Rf4+ Ke5 66. h5 Rb8 1-0

[Event "TUN-ch Subsid"]
[Site "Hammamet"]
[Date "2019.10.31"]
[Round "7"]
[White "Ben Ghanem, Hamed"]
[Black "Amdouni, Zoubaier"]
[Result "1/2-1/2"]
[WhiteElo "2097"]
[BlackElo "2306"]
[PlyCount "38"]
[EventDate "2019.10.27"]
[EventType "swiss"]
[EventRounds "9"]
[EventCountry "TUN"]
[SourceTitle "EXT 2021"]
[Source "ChessBase"]
[SourceDate "2020.10.23"]
[SourceVersion "1"]
[SourceVersionDate "2020.10.23"]
[SourceQuality "1"]

1. d4 Nf6 2. Bf4 e6 3. e3 b6 4. Nf3 Bb7 5. Bd3 Bd6 6. Bxd6 cxd6 7. Nbd2 d5 8. Qe2 Nc6 9. c3 Ne7 10. e4 Ng6 11. g3 dxe4 12. Nxe4 Nxe4 13. Bxe4 Bxe4 14. Qxe4 d5 15. Qe2 0-0 16. h4 Ne7 17. Ng5 Nf5 18. g4 Nd6 19. Qd3 g6 1/2-1/2

[Event "Ariana Les Roses op"]
[Site "Ariana"]
[Date "2019.05.13"]
[Round "4"]
[White "Barhoumi, Med Anis"]
[Black "Ben Ghanem, Hamed"]
[Result "1/2-1/2"]
[WhiteElo "2010"]
[BlackElo "2002"]
[PlyCount "69"]
[EventDate "2019.05.10"]
[EventType "swiss"]
[EventRounds "9"]
[EventCountry "TUN"]
[SourceTitle "EXT 2020"]
[Source "ChessBase"]
[SourceDate "2019.10.17"]
[SourceVersion "1"]
[SourceVersionDate "2019.10.17"]
[SourceQuality "1"]

1. e4 e5 2. Nf3 Nc6 3. Bc4 Bc5 4. 0-0 Nf6 5. d3 d6 6. c3 0-0 7. a4 a5 8. Re1 Be6 9. Nbd2 Qb8 10. Qb3 Bxc4 11. Nxc4 Qa7 12. Be3 Ng4 13. Bxc5 Qxc5 14. Re2 Rfb8 15. h3 Nf6 16. Na3 h6 17. Nb5 Qb6 18. Nd2 Nd8 19. d4 exd4 20. cxd4 Qc6 21. Ree1 Qd7 22. Nc4 Nc6 23. Rad1 Ne8 24. f4 Nb4 25. Nxa5 Rxa5 26. Qxb4 Rba8 27. Nc3 c6 28. b3 Rh5 29. Qc4 Nf6 30. Qe2 Rha5 31. e5 Re8 32. Qd2 dxe5 33. fxe5 Nd5 34. Ne4 Raa8 35. Nd6 1/2-1/2

[Event "Sousse Sahel op"]
[Site "Sousse"]
[Date "2019.04.20"]
[Round "2"]
[White "Zaghouani, Adel"]
[Black "Ben Ghanem, Hamed"]
[Result "0-1"]
[WhiteElo "1729"]
[BlackElo "2010"]
[PlyCount "78"]
[EventDate "2019.04.19"]
[EventType "swiss"]
[EventRounds "9"]
[EventCountry "TUN"]
[SourceTitle "CBM 190 Extra"]
[Source "ChessBase"]
[SourceDate "2019.07.15"]
[SourceVersion "1"]
[SourceVersionDate "2019.07.15"]
[SourceQuality "1"]

1. e4 c6 2. Nf3 d5 3. Nc3 dxe4 4. Nxe4 Nd7 5. d4 Ngf6 6. Ng3 e6 7. Bd3 c5 8. 0-0 cxd4 9. Nxd4 Bc5 10. Nb3 Be7 11. Re1 0-0 12. Nh5 Re8 13. Bf4 Nf8 14. Be5 Ng6 15. Bc3 Nxh5 16. Qxh5 Bf6 17. Rad1 Bxc3 18. Bxg6 hxg6 19. Rxd8 Rxd8 20. Qe2 Bxe1 21. Qxe1 b6 22. f3 Ba6 23. Nd2 Rac8 24. c3 Rd5 25. Ne4 Rcd8 26. Kf2 f6 27. b3 Kf7 28. c4 Rd1 29. Qb4 Bb7 30. Nc3 R8d2+ 31. Ke3 Rd3+ 32. Kf2 R1d2+ 33. Kg3 g5 34. h3 f5 35. Nb1 f4+ 36. Kh2 Rb2 37. Qa3 Rxb1 38. Qxa7 Rdd1 39. Qxb7+ Kf6 0-1